000 00349 a2200157 4500
001 61769
020 _a8598553069
040 _cAnchieta - Pituba
100 _aCedraz, Antônio Luiz Ramos
240 1 0 _aLendas e mistérios
_lpor
245 1 0 _aLendas e mistérios
300 _a48
362 0 _a2007
650 4 _aLiteratura juvenil
942 _cBK
999 _c61769
_d61769